Rajdhani Law Reporter Vol.13 (Record no. 20333)

MARC details
000 -LEADER
fixed length control field 00268nam a22001097a 4500
008 - FIXED-LENGTH DATA ELEMENTS--GENERAL INFORMATION
fixed length control field 231205b |||||||| |||| 00| 0 eng d
100 ## - MAIN ENTRY--AUTHOR NAME
Personal name K.K. Gujral
245 ## - TITLE STATEMENT
Title Rajdhani Law Reporter Vol.13
260 ## - PUBLICATION, DISTRIBUTION, ETC. (IMPRINT)
Place of publication Delhi
Name of publisher Supreme Court
Year of publication 1983
300 ## - PHYSICAL DESCRIPTION
Number of Pages 783
942 ## - ADDED ENTRY ELEMENTS (KOHA)
Source of classification or shelving scheme Dewey Decimal Classification
Koha item type Books
Holdings
Accession Number Source of acquisition Price effective from Koha item type Withdrawn / writtenoff status Damaged status Not for loan Permanent Location Current Location Shelving location Date acquired Lost/ Missing status department
LLB 1021 Donated By Dr. Kiran Chaudhary & Mr. Sushil Chaudhary 12/05/2023 Books       MIET Library, Jammu MIET Library, Jammu 199/2 12/02/2023   BBA LLB